[Event "4th HD Bank Cup 2014"]
[Site "Ho Chi Minh City VIE"]
[Date "2014.03.14"]
[Round "7.29"]
[White "Nguyen, Dang Hong Phuc"]
[Black "Borsos, Bogdan"]
[Result "1-0"]
[BlackTitle "IM"]
[WhiteElo "1870"]
[BlackElo "2271"]
[WhiteFideId "12402761"]
[BlackFideId "14100568"]
[EventDate "2014.03.10"]

1. d4 d5 2. Nf3 c5 3. dxc5 e6 4. g3 Bxc5 5. Bg2 Nf6 6. O-O O-O 7. b3 Nc6 8. Bb2
a5 9. a3 Qe7 10. Nc3 Rd8 11. Na4 Ba7 12. Nd4 Nxd4 13. Bxd4 b5 14. Nb6 Rb8 15.
Nxc8 Rdxc8 16. Be5 Rb7 17. Qd2 Bb6 18. e3 Nd7 19. Bb2 Rbc7 20. Rfc1 Nf6 21. Qe2
b4 22. axb4 axb4 23. Ra6 Bc5 24. Be5 Rc6 25. Rxc6 Rxc6 26. Ra1 Rc8 27. Qa6 Rd8
28. Qc6 Bd6 29. Bxd6 Rxd6 30. Qc5 Rd7 31. Ra8+ Ne8 32. Qxe7 Rxe7 33. Bf1 g5 34.
Bb5 Kf8 35. Kf1 f5 36. Ke2 e5 37. Kd3 g4 38. c3 bxc3 39. Kxc3 Kf7 40. Rxe8 Rxe8
41. Bxe8+ Kxe8 42. Kb4 Kd7 43. Kc5 Ke6 44. b4 f4 45. gxf4 d4 46. exd4 exf4 47.
d5+ Kd7 48. Kd4 Kd6 49. Ke4 f3 50. Kf4 Kxd5 51. Kxg4 1-0

[Event "4th HD Bank Cup 2014"]
[Site "Ho Chi Minh City VIE"]
[Date "2014.03.14"]
[Round "7.30"]
[White "Le, Minh Hoang"]
[Black "Le, Kieu Thien Kim"]
[Result "0-1"]
[WhiteTitle "CM"]
[BlackTitle "WIM"]
[WhiteElo "1931"]
[BlackElo "2199"]
[WhiteFideId "12404683"]
[BlackFideId "12400572"]
[EventDate "2014.03.10"]

1. d4 Nf6 2. Nf3 d5 3. c4 c6 4. e3 e6 5. Bd3 Nbd7 6. O-O Be7 7. b3 O-O 8. Bb2 b6
9. Nbd2 Bb7 10. Ne5 dxc4 11. Ndxc4 c5 12. Be2 b5 13. Nxd7 Nxd7 14. Nd2 cxd4 15.
Bxd4 e5 16. Bb2 Qb6 17. Bf3 Rfd8 18. Bxb7 Qxb7 19. Qf3 Qxf3 20. Nxf3 f6 21. Rfc1
b4 22. Rc2 a5 23. Rac1 Nc5 24. Kf1 Nd3 25. Rd1 a4 26. Ke2 axb3 27. axb3 e4 28.
Nd4 Rdc8 29. Rxc8+ Rxc8 30. Nf5 Bf8 31. Rxd3 exd3+ 32. Kxd3 Rd8+ 33. Nd4 Ra8 34.
g3 Ra2 35. Kc2 Kf7 36. Kb1 Ra8 37. Kc2 Bc5 38. Ne2 Ke6 39. Nf4+ Kd6 40. Nh5 Ra7
41. Nf4 Kc6 42. Ne6 Rd7 43. Nf4 Bd6 44. Nd3 Kd5 45. f3 f5 46. Kd2 Ra7 47. Kc2
Re7 48. Bc1 g5 49. Nb2 Rc7+ 50. Nc4 Rxc4+ 51. bxc4+ Kxc4 52. h4 b3+ 53. Kd2 gxh4
54. gxh4 Be5 55. f4 b2 0-1

[Event "4th HD Bank Cup 2014"]
[Site "Ho Chi Minh City VIE"]
[Date "2014.03.14"]
[Round "7.31"]
[White "Nitin, S."]
[Black "Tran, Le Dan Thuy"]
[Result "1-0"]
[WhiteTitle "IM"]
[WhiteElo "2378"]
[BlackElo "2005"]
[WhiteFideId "5018277"]
[BlackFideId "12403407"]
[EventDate "2014.03.10"]

1. e4 c5 2. Nf3 d6 3. d4 cxd4 4. Nxd4 Nf6 5. Nc3 e6 6. g4 a6 7. Qf3 Nfd7 8. Be3
Be7 9. O-O-O O-O 10. h4 Qc7 11. g5 b5 12. h5 b4 13. Nb1 Nc6 14. g6 Nde5 15. Qh3
Nxd4 16. Rxd4 fxg6 17. f4 Nc6 18. hxg6 hxg6 19. Qh7+ Kf7 20. Rg1 Bf6 21. Qxg6+
Ke7 22. e5 Nxd4 23. exf6+ gxf6 24. Bxd4 e5 25. Bg2 Bb7 26. fxe5 fxe5 27. Bh3 Bd5
28. Qg5+ Ke8 29. Bxe5 dxe5 30. Re1 Rf2 31. Rxe5+ Kf7 32. Qh5+ Kf6 33. Qg5+ Kf7
34. Nd2 Rg8 35. Qh5+ Kf6 36. Rf5+ Rxf5 37. Qxf5+ Ke7 38. Qxd5 Rg1+ 39. Bf1 Qg3
40. Qe4+ Kf7 41. Kd1 a5 42. Qd5+ Kg7 43. Qd4+ Kf7 44. b3 Qg5 45. Qc4+ Kg6 46.
Nf3 Qd8+ 47. Ke1 Qe7+ 48. Kd2 Rh1 49. Bd3+ Kg7 50. Qg4+ Kf8 51. Qf5+ Kg7 52.
Qxa5 Qf6 53. Qg5+ Qxg5+ 54. Nxg5 Ra1 55. Ne6+ Kf6 56. Nd4 Rxa2 57. Nc6 1-0

[Event "4th HD Bank Cup 2014"]
[Site "Ho Chi Minh City VIE"]
[Date "2014.03.14"]
[Round "7.32"]
[White "Le, Thi Phuong Lien"]
[Black "Emojong, Elijah"]
[Result "0-1"]
[WhiteTitle "WFM"]
[BlackTitle "IM"]
[WhiteElo "2143"]
[BlackElo "2350"]
[WhiteFideId "12400254"]
[BlackFideId "10000402"]
[EventDate "2014.03.10"]

1. e4 e6 2. d3 d5 3. Nd2 c5 4. g3 Nc6 5. Bg2 Nf6 6. Ne2 e5 7. O-O Bg4 8. f3 Be6
9. f4 Bg4 10. h3 Bxe2 11. Qxe2 Nd4 12. Qd1 exf4 13. e5 Nd7 14. gxf4 Nb6 15. c3
Nf5 16. Nf3 Be7 17. Kh2 Rc8 18. d4 Bh4 19. Nxh4 Nxh4 20. Qg4 g6 21. f5 h5 22.
Qe2 Nxf5 23. e6 Qd6+ 24. Bf4 Qxe6 25. Qb5+ Qc6 26. Qe2+ Kd7 27. dxc5 Qxc5 28.
Rad1 Rce8 29. Qd3 Kc8 30. b4 Qc4 31. Qd2 Re2 32. Qc1 Qe4 33. Rg1 Nh4 34. Rd4
Rxg2+ 0-1

[Event "4th HD Bank Cup 2014"]
[Site "Ho Chi Minh City VIE"]
[Date "2014.03.14"]
[Round "7.33"]
[White "Hoang, Thi Nhu Y"]
[Black "Frost, Peter"]
[Result "1-0"]
[WhiteTitle "WIM"]
[WhiteElo "2210"]
[BlackElo "1781"]
[WhiteFideId "12401455"]
[BlackFideId "3204634"]
[EventDate "2014.03.10"]

1. c4 Nf6 2. Nc3 g6 3. e4 d6 4. d4 Bg7 5. f4 O-O 6. Nf3 c5 7. d5 e6 8. Bd3 exd5
9. cxd5 Qb6 10. Nd2 a6 11. Nc4 Qc7 12. a4 Nfd7 13. O-O Nb6 14. Ne3 N6d7 15. Bd2
Re8 16. Qf3 b6 17. e5 dxe5 18. Nc4 Ra7 19. Rae1 Bb7 20. Qg3 e4 21. Bxe4 Nf6 22.
Bf3 Ba8 23. Rxe8+ Nxe8 24. Re1 Bd4+ 25. Kh1 Ng7 26. Re2 Qd8 27. Qe1 f5 28. Ne5
Qf6 29. h3 h6 30. g3 Kh7 31. Kg2 Kg8 32. g4 Kh7 33. g5 hxg5 34. fxg5 Qf8 35.
Qh4+ Nh5 36. Nxg6 Qd8 37. Qxh5+ Kg7 38. Re8 1-0

[Event "4th HD Bank Cup 2014"]
[Site "Ho Chi Minh City VIE"]
[Date "2014.03.14"]
[Round "7.34"]
[White "Doan, Van Duc"]
[Black "Ivana Maria, Furtado"]
[Result "1/2-1/2"]
[BlackTitle "WIM"]
[WhiteElo "2124"]
[BlackElo "2177"]
[WhiteFideId "12400335"]
[BlackFideId "5048400"]
[EventDate "2014.03.10"]

1. Nf3 Nf6 2. c4 g6 3. g3 Bg7 4. Bg2 O-O 5. O-O d6 6. d4 c6 7. Nc3 Bf5 8. Ne1
Qc8 9. Nd3 Bh3 10. e4 Bxg2 11. Kxg2 Nfd7 12. Be3 c5 13. d5 Nb6 14. Qb3 Na6 15.
Rac1 Qd7 16. Bf4 e5 17. Bd2 f5 18. f3 Rf7 19. Qb5 Qe7 20. b3 Raf8 21. a3 h5 22.
Qa5 h4 23. Nf2 hxg3 24. hxg3 f4 25. g4 Bf6 26. Rh1 Bh4 27. Nd3 Rh7 28. Ne2 Kg7
29. Rh2 Rfh8 30. Rch1 Kg8 31. Qc3 Nd7 32. b4 b6 33. Qb3 Nf8 34. Qa4 Nb8 35. bxc5
bxc5 36. Qb5 Nbd7 37. Qb7 Qg5 38. Qc8 Nb6 39. Qa6 Qd8 40. a4 Qd7 41. Nb2 g5 42.
Qb5 Qe7 43. a5 Nc8 44. Nd3 Qc7 45. Bc3 Ne7 46. Rb1 Neg6 47. Qb8 Qd7 48. Qb5 Qc7
49. Qc6 Qe7 50. Rbh1 Qd8 51. a6 Qe7 52. Ba5 Bg3 53. Nxg3 fxg3 54. Kxg3 Qg7 55.
Kg2 1/2-1/2

[Event "4th HD Bank Cup 2014"]
[Site "Ho Chi Minh City VIE"]
[Date "2014.03.14"]
[Round "7.35"]
[White "Tran, Minh Thang"]
[Black "Pham, Bich Ngoc"]
[Result "0-1"]
[BlackTitle "WIM"]
[WhiteElo "2071"]
[BlackElo "2186"]
[WhiteFideId "12401080"]
[BlackFideId "12401285"]
[EventDate "2014.03.10"]

1. d4 Nf6 2. Bf4 d6 3. e3 g6 4. Nf3 Bg7 5. Be2 O-O 6. Nbd2 Nc6 7. h3 Nd7 8. c3
e5 9. Bh2 Qe7 10. dxe5 Ndxe5 11. O-O Be6 12. Nd4 Bd7 13. Re1 Nd8 14. Nc4 Kh8 15.
Kh1 f5 16. Qc2 c5 17. Nf3 Bc6 18. Nfxe5 dxe5 19. f3 b6 20. e4 f4 21. Rad1 Nf7
22. Bg1 g5 23. b4 cxb4 24. cxb4 Bd7 25. Nb2 Qxb4 26. a3 Qa5 27. Qb3 Bc6 28. Rc1
Be8 29. Red1 Nh6 30. Rc7 Bf7 31. Rxf7 Nxf7 32. Nc4 Qa6 33. Rd7 Nh6 34. Qb2 Qa4
35. Rxg7 Kxg7 36. Qxe5+ Kg6 37. Qe6+ Rf6 38. Ne5+ Kg7 39. Qd5 Qe8 40. Nd7 Rd8
41. Nxf6 Kxf6 42. e5+ Kg7 43. Qe4 Qg6 44. Qb7+ Qf7 45. Qc6 Nf5 46. Bc4 Qe7 47.
e6 Qxa3 48. Qc7+ Qe7 49. Qe5+ Kg6 50. h4 h5 51. hxg5 Qxg5 52. Qe4 Qh4+ 0-1

[Event "4th HD Bank Cup 2014"]
[Site "Ho Chi Minh City VIE"]
[Date "2014.03.14"]
[Round "7.36"]
[White "Doan, Thi Van Anh"]
[Black "Duong, Thuong Cong"]
[Result "1/2-1/2"]
[WhiteTitle "WFM"]
[WhiteElo "1994"]
[BlackElo "2078"]
[WhiteFideId "12400491"]
[BlackFideId "12402443"]
[EventDate "2014.03.10"]

1. d4 Nf6 2. Nf3 e6 3. e3 b6 4. Bd3 Bb7 5. Nbd2 c5 6. O-O Nc6 7. c3 cxd4 8. exd4
d5 9. Ne5 Nxe5 10. dxe5 Nd7 11. Nf3 Qc7 12. Re1 h6 13. a4 a6 14. Qe2 g5 15. Nd4
Nc5 16. Bc2 Bg7 17. f3 O-O-O 18. h3 Rde8 19. Bd2 Kb8 20. Ra3 Nd7 21. f4 gxf4 22.
Bxf4 Bf8 23. b4 a5 24. Rb3 axb4 25. cxb4 Qc4 26. Qd2 f6 27. exf6+ e5 28. Bg3 Ka8
29. Nb5 Nxf6 30. Rxe5 Rxe5 31. Bxe5 Ne4 32. Qd1 Bxb4 33. Nc7+ Ka7 34. Nb5+ Ka8
35. Nc7+ Ka7 36. Nb5+ Ka8 37. Bxe4 Bc5+ 38. Kh1 Qxe4 39. Nc7+ Ka7 40. Nb5+ Ka8 1/2-1/2

[Event "4th HD Bank Cup 2014"]
[Site "Ho Chi Minh City VIE"]
[Date "2014.03.14"]
[Round "7.37"]
[White "Ngo, Kim Cuong"]
[Black "Nguyen, Truong Bao Tran"]
[Result "1-0"]
[WhiteElo "1995"]
[BlackElo "1889"]
[WhiteFideId "12400890"]
[BlackFideId "12402311"]
[EventDate "2014.03.10"]

1. d4 Nf6 2. c4 d6 3. Nc3 g6 4. e4 Bg7 5. f3 O-O 6. Be3 e5 7. d5 a5 8. Bd3 Na6
9. Nge2 Ne8 10. Qd2 f5 11. Bg5 Bf6 12. Bxf6 Qxf6 13. exf5 gxf5 14. O-O-O Kf7 15.
g4 Nc5 16. Bc2 Ke7 17. g5 Qg6 18. h4 Ng7 19. f4 e4 20. Kb1 Bd7 21. Ng3 Nh5 22.
Nxh5 Qxh5 23. Rdg1 Be8 24. Bd1 Qf7 25. h5 Qg7 26. Rg2 a4 27. a3 Ra6 28. Na2 b5
29. h6 Qh8 30. cxb5 Bxb5 31. Nb4 Rb6 32. g6 hxg6 33. Rxg6 Rf7 34. Bc2 Rb8 35.
Qe1 Kd7 36. Rhg1 Re7 37. Rg7 Qxh6 38. Qc3 Re8 39. Nc6 Bxc6 40. dxc6+ Kd8 41.
Rxe7 Kxe7 42. Rg5 Rf8 43. Qg3 Rf7 44. Rg6 Qh1+ 45. Ka2 Ne6 46. Bxa4 Qh5 47. Bb3
Rf6 48. Rg8 Qh6 49. Bxe6 Kxe6 50. Rg7 Qh8 51. Qb3+ d5 52. Rd7 Rf8 53. Qxd5+ Kf6
54. Rf7+ Rxf7 55. Qe5+ Kg6 56. Qxh8 Re7 57. Qg8+ Kf6 58. Qg5+ Ke6 59. Qg6+ Kd5
60. Qxf5+ 1-0

[Event "4th HD Bank Cup 2014"]
[Site "Ho Chi Minh City VIE"]
[Date "2014.03.14"]
[Round "7.38"]
[White "Luu, Duc Hai"]
[Black "Wolfaardt, Francois"]
[Result "1-0"]
[WhiteElo "1913"]
[BlackElo "1785"]
[WhiteFideId "12412228"]
[BlackFideId "14302578"]
[EventDate "2014.03.10"]

1. d4 d6 2. e4 Nf6 3. f3 g6 4. Be3 Bg7 5. Qd2 O-O 6. Nc3 e5 7. d5 a6 8. a4 Qe7
9. Nge2 Rd8 10. g4 Nbd7 11. h4 h5 12. Bg5 Nf8 13. gxh5 gxh5 14. Ng3 Qe8 15. Rg1
Kh7 16. O-O-O N8d7 17. Nf5 Qf8 18. Bh3 b5 19. a5 b4 20. Ne2 Rb8 21. Nxg7 Qxg7
22. Bf5+ Kh8 23. Bh6 Qg8 24. Rxg8+ Rxg8 25. Rg1 Rxg1+ 26. Nxg1 Bb7 27. Nh3 Rg8
28. Ng5 Rb8 29. Qg2 Ng4 30. fxg4 Nf6 31. gxh5 1-0

[Event "4th HD Bank Cup 2014"]
[Site "Ho Chi Minh City VIE"]
[Date "2014.03.14"]
[Round "7.39"]
[White "Tran, Quang Khai"]
[Black "Pham, Hoang Nhat Anh"]
[Result "1/2-1/2"]
[WhiteElo "2091"]
[BlackElo "1513"]
[WhiteFideId "12402591"]
[BlackFideId "12403148"]
[EventDate "2014.03.10"]

1. d4 d6 2. Nf3 Nf6 3. Bf4 g6 4. e3 Bg7 5. h3 O-O 6. Be2 c5 7. c3 b6 8. O-O Bb7
9. Nbd2 Nbd7 10. a4 Ne4 11. a5 Bc6 12. Qb3 Nxd2 13. Nxd2 Nf6 14. Bb5 Qc8 15.
axb6 axb6 16. Nc4 Nd7 17. Na3 Qb7 18. Bxc6 Qxc6 19. d5 Qa4 20. Qb5 Ra7 21. Bg5
Bf6 22. Bh6 Bg7 23. Bg5 Bf6 24. Bh6 Bg7 25. Bg5 Bf6 26. Bh6 Bg7 1/2-1/2

[Event "4th HD Bank Cup 2014"]
[Site "Ho Chi Minh City VIE"]
[Date "2014.03.14"]
[Round "8.2"]
[White "Nguyen, Duc Hoa"]
[Black "Nguyen, Ngoc Truong Son"]
[Result "0-1"]
[WhiteTitle "IM"]
[BlackTitle "GM"]
[WhiteElo "2496"]
[BlackElo "2613"]
[WhiteFideId "12401358"]
[BlackFideId "12401110"]
[EventDate "2014.03.10"]

1. d4 d5 2. c4 c6 3. Nf3 Nf6 4. Qc2 dxc4 5. Qxc4 Bf5 6. g3 e6 7. Bg2 Nbd7 8. e3
Be7 9. O-O O-O 10. Rd1 Qc7 11. Qe2 Bg6 12. Nc3 b5 13. Bd2 b4 14. Nb1 Rac8 15.
Be1 c5 16. dxc5 Qxc5 17. Nbd2 Qc2 18. Nd4 Bd3 19. Nxc2 Bxe2 20. Rdc1 Ne5 21. Nd4
Ba6 22. Nc6 Nxc6 23. Bxc6 Rc7 24. Nb3 Rfc8 25. Bf3 Bc4 26. Rc2 Bd5 27. Rxc7 Rxc7
28. Bxd5 Nxd5 29. Rc1 Rxc1 30. Nxc1 f5 31. Nd3 a5 32. Kf1 Bd6 33. Nf4 Nc7 34.
Nd3 e5 35. f3 Nd5 36. e4 fxe4 37. fxe4 Nf6 38. Nf2 Kf7 39. Ke2 Ke6 40. Kf3 Bc5
41. Nd3 Nd7 42. g4 Bd4 43. b3 Kd6 44. Bh4 Kc6 45. Bd8 Kb5 46. Be7 Bc3 47. h4 Nb8
48. Bf8 g6 49. h5 Nc6 50. Kg3 a4 51. hxg6 hxg6 52. Kh4 axb3 53. axb3 Nd4 54. Kg5
Nxb3 55. Kxg6 Nd2 56. Kf5 b3 57. Ba3 Kc4 58. g5 Kxd3 59. g6 Nxe4 60. Bb4 b2 61.
g7 b1=Q 0-1

[Event "4th HD Bank Cup 2014"]
[Site "Ho Chi Minh City VIE"]
[Date "2014.03.14"]
[Round "8.3"]
[White "Zhang, Zhong"]
[Black "Lu, Shanglei"]
[Result "1/2-1/2"]
[WhiteTitle "GM"]
[BlackTitle "GM"]
[WhiteElo "2600"]
[BlackElo "2558"]
[WhiteFideId "8600694"]
[BlackFideId "8603332"]
[EventDate "2014.03.10"]

1. d4 d5 2. Nf3 Nf6 3. c4 e6 4. e3 c6 5. Bd3 Nbd7 6. Nbd2 Bd6 7. O-O O-O 8. e4
e5 9. cxd5 cxd5 10. exd5 exd4 11. Ne4 Nxe4 12. Bxe4 Nf6 13. Bg5 Be7 14. Bc2 h6
15. Bh4 Nxd5 16. Bxe7 Nxe7 17. Qxd4 Qxd4 18. Nxd4 Rd8 19. Rad1 Bd7 20. Be4 Nc6
21. Nb5 Na5 22. Nd6 Bc6 23. Bxc6 Nxc6 24. Nxb7 Rdb8 25. Rd7 Nd8 26. Nxd8 Rxd8
27. Rfd1 Rxd7 28. Rxd7 Rc8 29. g4 Rc2 30. Rb7 a5 31. Rb5 g5 32. Kg2 a4 33. a3
Kg7 34. Kg3 Kg6 35. f3 Re2 36. h4 Rd2 37. Rb6+ Kh7 38. Rb4 Kg6 39. h5+ Kf6 40.
f4 Rd3+ 41. Kf2 gxf4 42. Rxf4+ Kg5 43. Rxa4 Rd2+ 44. Ke3 Rxb2 45. Rb4 Ra2 46. a4
Ra3+ 47. Kd2 Rf3 48. Rc4 f5 49. gxf5 Kxh5 50. Rc5 Kg5 51. a5 h5 52. f6+ Kxf6 53.
Rxh5 Ke6 54. a6 Ra3 55. Kc2 Kd7 56. Rh7+ Kc6 1/2-1/2

[Event "4th HD Bank Cup 2014"]
[Site "Ho Chi Minh City VIE"]
[Date "2014.03.14"]
[Round "8.4"]
[White "Nguyen, Van Huy"]
[Black "Pham, Chuong"]
[Result "1-0"]
[WhiteTitle "IM"]
[BlackTitle "FM"]
[WhiteElo "2414"]
[BlackElo "2353"]
[WhiteFideId "12401064"]
[BlackFideId "12401218"]
[EventDate "2014.03.10"]

1. d4 d5 2. Nf3 Nf6 3. c4 e6 4. g3 dxc4 5. Qa4+ Bd7 6. Qxc4 Bc6 7. Bg2 Bd5 8.
Qd3 Be4 9. Qd1 c5 10. Nc3 Bc6 11. O-O Nbd7 12. Be3 Be7 13. dxc5 Ng4 14. Bf4 e5
15. Bd2 Bxc5 16. Qb3 O-O 17. Ng5 Ndf6 18. Rad1 Qc8 19. Nge4 Bb6 20. h3 Nxe4 21.
Nxe4 Bxe4 22. Bxe4 Nf6 23. Bg2 e4 24. Bg5 Qf5 25. Bxf6 Qxf6 26. Bxe4 Rae8 27.
Bf3 Re5 28. Kg2 h5 29. h4 Rfe8 30. Rd2 g6 31. Qd3 Rd8 32. Qc3 Rxd2 33. Qxd2 Re7
34. b3 Rc7 35. Rd1 Kg7 36. e3 Qe5 37. Qe2 Qf6 38. Rd5 Bc5 39. Be4 Be7 40. Bd3
Rc5 41. Rd4 Qc6+ 42. Qf3 Qc7 43. Bc4 Bf6 44. Rd3 Qe7 45. a4 Rc8 46. Qd1 Rd8 47.
Bd5 b6 48. e4 Rc8 49. Qd2 Rc7 50. Qe2 Rc3 51. Rxc3 Bxc3 52. Qd3 Qf6 53. Qc4 Bd4
54. f4 Bc5 55. e5 Qf5 56. Qe2 a5 57. Bc4 Qb1 58. Qf3 Qc2+ 59. Be2 Qb1 60. Bf1
Qc2+ 61. Kh3 Qf5+ 62. Kh2 Qc2+ 63. Be2 Qb1 64. Kg2 Qc2 65. Qd3 Qc1 66. Bf3 Qe1
67. Kh3 Qe3 68. Qd5 Bb4 69. f5 Qf2 70. f6+ Kg8 71. Qd8+ Kh7 72. Qe8 Qf1+ 73. Kh2 1-0

[Event "4th HD Bank Cup 2014"]
[Site "Ho Chi Minh City VIE"]
[Date "2014.03.14"]
[Round "8.5"]
[White "Gomez, John Paul"]
[Black "Dao, Thien Hai"]
[Result "1/2-1/2"]
[WhiteTitle "GM"]
[BlackTitle "GM"]
[WhiteElo "2534"]
[BlackElo "2508"]
[WhiteFideId "5201381"]
[BlackFideId "12400084"]
[EventDate "2014.03.10"]

1. d4 d5 2. Nf3 Nf6 3. c4 c6 4. cxd5 cxd5 5. Nc3 Nc6 6. Bf4 Bf5 7. e3 e6 8. Bd3
Bxd3 9. Qxd3 Bd6 10. Bg3 O-O 11. O-O Bxg3 12. hxg3 Qd6 13. Nb5 Qe7 14. Nc3 Qd6
15. Nb5 Qe7 16. Nc3 Qd6 17. Nb5 1/2-1/2

[Event "4th HD Bank Cup 2014"]
[Site "Ho Chi Minh City VIE"]
[Date "2014.03.14"]
[Round "8.6"]
[White "Shyam, Sundar M."]
[Black "Nguyen, Van Hai"]
[Result "1/2-1/2"]
[WhiteTitle "GM"]
[BlackTitle "IM"]
[WhiteElo "2507"]
[BlackElo "2341"]
[WhiteFideId "5019141"]
[BlackFideId "12400122"]
[EventDate "2014.03.10"]

1. d4 d5 2. c4 e6 3. Nf3 c5 4. cxd5 exd5 5. Bg5 Be7 6. Bxe7 Nxe7 7. dxc5 Qa5+ 8.
Nc3 Qxc5 9. Qd4 Qxd4 10. Nxd4 Be6 11. e3 Nbc6 12. Bb5 Rc8 13. Rc1 a6 14. Bxc6+
Nxc6 15. Nxc6 bxc6 16. Na4 d4 17. exd4 Bxa2 18. Kd2 Bd5 19. Nc5 Rb8 20. Kc3 a5
21. Ra1 O-O 22. f3 Rfe8 23. Rhe1 f6 24. Rxe8+ Rxe8 25. Nd3 Ra8 26. Ra4 Bf7 27.
Nc5 Bd5 28. Nd3 Bf7 29. Nc5 Bd5 30. Ra3 h5 31. h3 Kh7 32. Nd3 Bf7 33. Nc5 Bd5
34. Nd3 Bf7 35. Kd2 Bc4 36. Nf4 Kh6 37. Rc3 Bb5 38. h4 Rd8 39. Rc5 g5 40. hxg5+
fxg5 41. Ne6 Rd5 42. Ke3 h4 43. Rc1 Kg6 44. Nc7 Rd6 45. Rc5 Bf1 46. Kf2 Bb5 47.
Ke3 Bf1 48. Kf2 Bb5 49. d5 Ba4 50. Rxa5 Bb3 51. Ra6 Bxd5 52. Nxd5 Rxd5 53. Rxc6+
Kf5 54. b4 Rd4 55. b5 Rb4 56. b6 Kf4 57. Rf6+ Ke5 58. Rc6 Kf4 59. Rf6+ Ke5 60.
Rg6 Kf5 61. Rh6 Kf4 62. Rf6+ Ke5 1/2-1/2

[Event "4th HD Bank Cup 2014"]
[Site "Ho Chi Minh City VIE"]
[Date "2014.03.14"]
[Round "8.7"]
[White "Fang, Yan"]
[Black "Diu, Viacheslav"]
[Result "1/2-1/2"]
[BlackTitle "IM"]
[WhiteElo "2307"]
[BlackElo "2474"]
[WhiteFideId "8604746"]
[BlackFideId "4167465"]
[EventDate "2014.03.10"]

1. e4 c6 2. Nc3 d5 3. Nf3 Bg4 4. h3 Bxf3 5. Qxf3 Nf6 6. d3 e6 7. g3 Bb4 8. a3
Bxc3+ 9. bxc3 Qa5 10. Bd2 dxe4 11. dxe4 Nbd7 12. Bd3 Ne5 13. Qe3 Qb6 14. Ke2
Nxd3 15. cxd3 c5 16. Rhb1 Qc6 17. e5 Nd7 18. Qf3 Qxf3+ 19. Kxf3 O-O-O 20. Ke4
Nb6 21. a4 Rd5 22. Be3 Rhd8 23. a5 Nd7 24. d4 cxd4 25. Bxd4 Kb8 26. f4 Rc8 27.
Ra2 Rc4 28. Kd3 Rc7 29. g4 Kc8 30. Ke4 Rc4 31. Kd3 Rc7 32. Ke4 Rc4 33. Kd3 Rc7 1/2-1/2

[Event "4th HD Bank Cup 2014"]
[Site "Ho Chi Minh City VIE"]
[Date "2014.03.14"]
[Round "8.8"]
[White "Nguyen, Anh Dung"]
[Black "Dimakiling, Oliver"]
[Result "1/2-1/2"]
[WhiteTitle "GM"]
[BlackTitle "IM"]
[WhiteElo "2469"]
[BlackElo "2364"]
[WhiteFideId "12400025"]
[BlackFideId "5202248"]
[EventDate "2014.03.10"]

1. d4 d5 2. c4 e6 3. Nc3 Nf6 4. Bg5 Be7 5. e3 h6 6. Bh4 a6 7. Nf3 O-O 8. cxd5
exd5 9. Bd3 Be6 10. O-O Nbd7 11. h3 Bd6 12. Ne2 c5 13. dxc5 Nxc5 14. Nfd4 Rc8
15. Rc1 Re8 16. Bb1 Bd7 17. Nf5 Bf8 18. Nc3 Be6 19. Nd4 g5 20. Bg3 Qb6 21. Nxe6
Qxe6 22. Ne2 Nce4 23. Qd3 Bg7 24. Bc7 Nd7 25. Nd4 Qf6 26. b4 Ndc5 27. bxc5 Rxc7
28. Nb3 Nc3 29. Rc2 b5 30. Rfc1 b4 31. a3 Nxb1 32. Rxb1 bxa3 33. Ra1 g4 34. hxg4
Qh4 35. Rxa3 Be5 36. g3 Bxg3 37. fxg3 Qxg3+ 38. Rg2 Qe1+ 39. Qf1 Qxe3+ 40. Qf2
Qc3 41. Rg3 Re1+ 42. Kg2 Qe5 43. Nd4 Qe4+ 44. Rgf3 Rxc5 45. Re3 Rxe3 46. Qxe3
Rc4 47. Nf5 Qxe3 48. Rxe3 Rxg4+ 49. Kf3 Re4 50. Rd3 Re6 51. Rxd5 Kh7 52. Kf4 Kg6
53. Rd8 Rb6 54. Ne7+ Kg7 55. Rg8+ Kh7 56. Rg1 Rf6+ 57. Nf5 a5 58. Ra1 Ra6 59.
Ra4 Kg6 60. Ne7+ Kg7 61. Nf5+ Kg6 62. Ne3 h5 63. Nc4 f6 64. Nxa5 Kf7 65. Kf5 Ra8
66. Ra1 Ra6 67. Ke4 Ra8 68. Kd5 h4 69. Ke4 f5+ 70. Kxf5 h3 71. Ke4 h2 72. Rf1+
Kg6 73. Nc4 Kg5 74. Rh1 Ra2 75. Kf3 Kh4 76. Ne5 Kh3 77. Ng4 Ra3+ 78. Ne3 Rxe3+
79. Kxe3 Kg2 80. Rxh2+ Kxh2 81. Ke4 1/2-1/2

[Event "4th HD Bank Cup 2014"]
[Site "Ho Chi Minh City VIE"]
[Date "2014.03.14"]
[Round "8.9"]
[White "Dang, Hoang Son"]
[Black "Kuderinov, Kirill"]
[Result "1-0"]
[WhiteTitle "FM"]
[BlackTitle "IM"]
[WhiteElo "2043"]
[BlackElo "2454"]
[WhiteFideId "12402435"]
[BlackFideId "13701568"]
[EventDate "2014.03.10"]

1. d4 Nf6 2. c4 e6 3. g3 Bb4+ 4. Bd2 a5 5. Bg2 O-O 6. Nc3 d5 7. Nf3 Ne4 8. O-O
Nxd2 9. Nxd2 c6 10. e3 Nd7 11. Qc2 b6 12. a3 Be7 13. Rfb1 Bb7 14. Ra2 Qc7 15. b4
axb4 16. axb4 Rxa2 17. Qxa2 Ra8 18. Qb2 Nf6 19. c5 Bc8 20. Nb3 bxc5 21. bxc5 Rb8
22. Qa3 Bd8 23. Qa1 g6 24. Nd2 Kg7 25. Bf1 h5 26. Qa4 Rxb1 27. Ndxb1 Ng4 28. Na3
h4 29. Bh3 hxg3 30. Bxg4 gxf2+ 31. Kxf2 Qxh2+ 32. Ke1 Bh4+ 33. Kd1 Qg1+ 34. Kc2
Qxg4 35. Qxc6 e5 36. Qxd5 Bf5+ 37. Kb2 Bg3 38. Nab5 Qh3 39. Qf3 Qh2+ 40. Ka3
exd4 41. exd4 Bb8 42. c6 Bd6+ 43. Kb3 Qc2+ 44. Kc4 Bf8 45. c7 Bd7 46. Qd5 Bf5
47. Qe5+ f6 48. Qe2 Qc1 49. Qf3 Qc2 50. d5 Bc8 51. d6 Be6+ 52. Kc5 Qb3 53. Qc6
Qc4+ 54. Kb6 Qg4 55. Qe4 Qh3 56. Qd4 Bd7 57. Ne4 Qf5 58. Nc5 Bc8 59. Na7 Qb1+
60. Kc6 Bh3 61. Qd5 Bxd6 62. Kxd6 Qb6+ 63. Nc6 Bc8 64. Ne6+ Kh7 65. Qh1+ Kg8 66.
Qh6 Bxe6 67. Qxg6+ 1-0

[Event "4th HD Bank Cup 2014"]
[Site "Ho Chi Minh City VIE"]
[Date "2014.03.14"]
[Round "8.10"]
[White "Prasanna Raghuram Rao"]
[Black "Duong, The Anh"]
[Result "1-0"]
[WhiteTitle "IM"]
[BlackTitle "IM"]
[WhiteElo "2410"]
[BlackElo "2335"]
[WhiteFideId "5022401"]
[BlackFideId "12401277"]
[EventDate "2014.03.10"]

1. e4 e6 2. d4 d5 3. Nd2 h6 4. Ngf3 Nf6 5. e5 Nfd7 6. Bd3 c5 7. c3 Nc6 8. Bc2 b6
9. O-O Bb7 10. c4 Nxd4 11. Nxd4 cxd4 12. cxd5 Bxd5 13. Nf3 Bc5 14. Nxd4 Qc7 15.
Nb5 Qb7 16. b4 Be7 17. Qg4 Kf8 18. Bb2 h5 19. Qh3 Rc8 20. Rac1 Rh6 21. Bd3 Bc6
22. Nd4 Bd5 23. Rxc8+ Qxc8 24. Rc1 Qb7 25. Nb5 a6 26. Nd6 Bxd6 27. exd6 Bc6 28.
Be4 Bxe4 29. Rc7 Rg6 30. Rxb7 Bxb7 31. Qc3 Nf6 32. g3 Nd5 33. d7 1-0